Sistema de Información para la planeación y seguimiento de la producción en la empresa Industrias cárnicas Integradas de Nicaragua, S.A
La principal Razón de la realización del presente trabajo monográfico que presenta la información respecto al análisis y diseño un sistema de información utilizando la metodología RUP con ayuda de los diagramas UMLÑ para realizar el análisis y diseño del sistema, se desarrolló un sistema...
| Main Author: | |
|---|---|
| Other Authors: | |
| Format: | Tesis Section = Libro |
| Language: | Undetermined Spanish |
| Published: |
Managua
UNI
2018
|
| Subjects: |
| LEADER | 01385nam a2200277Ia 4500 | ||
|---|---|---|---|
| 008 | 240830s9999 xx 000 0 und d | ||
| 040 | |a BIBLIOTECA-RUSB/ Mon 005.74 R758 | ||
| 041 | |a spa | ||
| 082 | |a Mon 005.74 R758 | ||
| 100 | 1 | |a Román Espinoza, Axel Manuel | |
| 245 | 1 | 0 | |a Sistema de Información para la planeación y seguimiento de la producción en la empresa Industrias cárnicas Integradas de Nicaragua, S.A |
| 260 | |a Managua |b UNI |c 2018 | ||
| 300 | |a 143 p. :il. | ||
| 500 | |a Contiene. anexos y CD. | ||
| 502 | |a Tesis (Ingeniero en Computación) - UNI, 2018. | ||
| 520 | 3 | |a La principal Razón de la realización del presente trabajo monográfico que presenta la información respecto al análisis y diseño un sistema de información utilizando la metodología RUP con ayuda de los diagramas UMLÑ para realizar el análisis y diseño del sistema, se desarrolló un sistema de información que beneficiara al departamento de operación en el seguimiento de la producción del día a día. | |
| 650 | 7 | |a SISTEMA DE INFORMACION WEB | |
| 650 | 7 | |b INGENIERIA DE SOFTWARE | |
| 650 | 7 | |c DESARROLLO DE SISTEMA WEB | |
| 650 | 7 | |d INVENTARIOS | |
| 650 | 7 | |e PROCESOS PRODUCTIVOS | |
| 650 | 7 | |f EMPRESA INDUSTRIAS CARNICAS INTEGRADAS DE NICARAGUA | |
| 700 | 1 | |a Tutor: |b Duarte Mora, Lizette Carolina | |
| 942 | |c BK |2 ddc | ||
| 991 | |a TESIS | ||
| 999 | |c 19825 | ||